| 000 | 00720nam a2200193 a 4500 | ||
|---|---|---|---|
| 003 | 0 | ||
| 005 | 20250213112810.0 | ||
| 008 | 130128s19uu xx 00 eng d | ||
| 050 |
_aPHS SB 349.C67 _b.D948 2012 |
||
| 100 | _aDurano, Jorita Vira B. | ||
| 245 |
_aCorncob and hay as organic mulch for Solanum lycopersicum / _cJorita Vira B. Durano. |
||
| 260 |
_aLas PiƱas City, Philippines : _bSouthville International School and Colleges, _c2012. |
||
| 300 |
_a27 pages : _billustrations ; _c28 cm. |
||
| 504 | _aIncludes bibliographical references. | ||
| 650 |
_aTomatoes _xFertilizers _xInfluence. |
||
| 650 |
_aTomatoes _xGrowth _vOrganic mulching. |
||
| 650 |
_aMulching _xAgricultural applications. |
||
| 942 |
_2lcc _cPASS |
||
| 999 |
_c98868 _d98868 |
||